00448nam a22001337a 4500008004100000040005500041080002200096100002100118245005500139260007300194300001000267650000900277653002800286230419b |||||||| |||| 00| 0 eng d aNational Science LibrarycNational Science Library aI35(047)(540)bJ3 aAppleby, Paul A  aPublic administration in India report of a survey  aIndia: bCabinet Secretariat Organisation & Methods Division, c1953 a69p.  aLaw  aPublic administration